000 004550000a22001570004500
041 0 _aSPA
082 0 4 _aG 306.089 C683p
245 1 0 _aEl pueblo de la montaña sagrada. Tradición y cambio / Antonino Calojanni, Compilador
260 _aColombia : Ricerca e Cooperazione de Colombia
300 _a187 Pag
001 9441
942 _cBK
999 _c39449
_d39449
336 _atexto
_btxt
_2rdacontent
337 _2rdamedia
_asin mediación
_bn
338 _2rdacarrier
_avolumen
_bnc